000 00665nam a22002297a 4500
003 UA-OsUOA
001 124299
007 ta
008 20170807b un ||||| |||| 00| 0 ukr d
090 _a343.2(094.4)
_bУ26
942 _cBK
040 _aUA-OsUOA
_brus
_cUA-OsUOA
_dUA-OsUOA
245 _aУголовный кодекс Турции
_cнауч. ред. Н. Сафарова, Х. Бабаева
300 _a374 с.
955 _a1
041 _arus
080 _a343.2(094.4)
020 _a5-94201-220-2
260 _aСПб
_bПресс
_c2003
650 7 _a343 Кримінальне право. Карні порушення
_2UDC
999 _c411444
_d411444